Joukkueet, joissa Jussi Jokinen on pelannut - Statistics

Yleistilastot
  • Tätä visaa on pelattu 60 kertaa
  • Keskiarvotulos 9 / 13
Vastaustilastot
Kaudet Liiga Joukkue % Oikein
2001-05 SM-Liiga Kärpät
100%
2012-13 SM-Liiga Kärpät
100%
2018-21 SM-Liiga Kärpät
100%
2014-17 NHL Florida Panthers
84%
2005-08 NHL Dallas Stars
82%
2008-13 NHL Carolina Hurricanes
64%
2012-14 NHL Pittsburgh Penguins
64%
2017-18 NHL Los Angeles Kings
59%
2017-18 NHL Edmonton Oilers
57%
2017-18 NHL Vancouver Canucks
57%
2007-09 NHL Tampa Bay Lightning
45%
2017-18 NHL Columbus Blue Jackets
41%
2018-19 Sveitsi Kloten
39%
Ehtoja vastaavia visoja ei löytynyt
Tulosjakauma
Jokaisen tuloksen saaneiden osuus
Persentiili vastausten määrän mukaan
Tuloshistoriasi
Et ole pelannut tätä visaa